| 000 | 00790nam a22002057a 4500 | ||
|---|---|---|---|
| 005 | 20230905121026.0 | ||
| 008 | 140716| mx||||| |||| |0|||||spadd | ||
| 020 | _a968607550X | ||
| 050 | 0 | 4 |
_aHB1952 _bZ46 1993 |
| 100 | 1 |
_aZenteno Quintero, René M., _eautor |
|
| 245 | 1 | 0 |
_aMigración hacia la frontera norte de México : _bTijuana, Baja California / _cRené M. Zenteno Quintero. |
| 250 | _a1a ed. | ||
| 260 |
_aTijuana, México : _bEl Colegio de la Frontera Norte, Departamento de estudios de población, _c1993 |
||
| 300 |
_a74 p. ; _c24 cm. |
||
| 504 | _aIncluye bibliografías | ||
| 650 | 7 |
_aMigración interna _2Lemb _zMéxico _ysiglo xx |
|
| 650 | 4 | _aMigración | |
| 710 | 2 | _aEl Colegio de la Frontera Norte (México). Departamento de Estudios de Población | |
| 942 |
_2lcc _cLIB |
||
| 999 |
_c75329 _d75329 |
||